|
|
|
|
| LEADER |
00000ntmaa2200000 a 4500 |
| 001 |
vtls012063816 |
| 003 |
SK-MaSNL |
| 005 |
20260425231220.0 |
| 008 |
251021q1822 xx || 000 1 ger |
| 035 |
|
|
|a urn:nbn:sk:snk-tm00ggs5
|
| 035 |
|
|
|a urn:nbn:sk:snk-tm3n4xo
|
| 035 |
|
|
|a C8FC3A0E-0DBB-4F15-8CE8-15108526442A
|
| 040 |
|
|
|a SNKLA
|b slo
|c SNKLA
|e AACR2
|
| 041 |
0 |
|
|a ger
|
| 044 |
|
|
|a xx
|
| 072 |
|
7 |
|a 82
|x Literatúra. Literárny život
|2 konspekt
|
| 080 |
|
|
|a 025.171
|2 2011
|
| 080 |
|
|
|a 82(091):904
|2 2011
|
| 080 |
|
|
|a 026/027
|2 2011
|
| 100 |
1 |
|
|a Godra, Michal,
|d 1801-1874
|4 aut
|9 37939
|
| 245 |
1 |
0 |
|a Literarische Denkwürdigkeitene
|c [Michal Godra]
|
| 260 |
|
|
|a [Miesto vzniku nie známe]
|c [medzi 1822 a 1874?]
|
| 300 |
|
|
|a 15 nečíslovaných strán
|b rukopis, voľné listy
|c 18 cm
|
| 500 |
|
|
|a Autor podľa iných prác pod signatúrou M 21
|
| 520 |
2 |
|
|a Významné literárne pamiatky v niektorých európskych knižniciach (Varšava, Petrohrad, Edinburgh, Bratislava a i.); výpisky
|
| 555 |
0 |
|
|a Inventár rukopisov Literárneho archívu MS V. Archív Slovenského národného múzea. Fondy M 1 - 50. Martin : Matica slovenská 1974
|
| 561 |
|
|
|a Okrúhla pečiatka: Museálna slovenská spoločnosť
|
| 561 |
|
|
|a Okrúhla pečiatka: Matica slovenská Martin Literárny archív
|
| 650 |
0 |
7 |
|a literárne pamiatky
|2 SNKPHbucl
|9 202083
|
| 650 |
0 |
7 |
|a knižnice
|2 SNKPH
|9 17965
|
| 651 |
|
7 |
|a Varšava (Poľsko)
|2 SNKPH
|9 25460
|
| 651 |
|
7 |
|a Petrohrad (Rusko)
|2 SNKPHgeo
|9 31081
|
| 651 |
|
7 |
|a Edinburgh (Škótsko)
|2 SNKPHgeo
|9 13254
|
| 651 |
|
7 |
|a Bratislava (Slovensko)
|2 SNKPHgeo
|9 14568
|
| 655 |
|
7 |
|a rukopisy
|2 SNKPH
|9 70548
|
| 655 |
|
7 |
|a Excerpts
|2 SNKPH
|9 304691
|
| 852 |
|
|
|a Slovenská národná knižnica
|b Literárny archív
|
| 958 |
|
|
|a MOF
|
| 958 |
|
|
|a LAVD
|
| 999 |
|
|
|c 697998
|d 699928
|
| 952 |
|
|
|a SNKLA
|b SNKLA
|c SNKLA_DEP
|y NEVYP
|7 0
|p 17A1312279
|o snkM 21 E 10a
|0 0
|1 0
|4 0
|d 2021-07-29
|f 1
|l 0
|r 2026-02-23 20:47:58
|w 2026-02-23
|